00301nam a2200121Ia 45000030006000000080041000060400015000471000012000622450048000742600028001225460012001500050017001620STCL150530s9999 xx 000 0 und d aSTCLcSTCL aGaskell aLizzic leigh the grey woman and other tales bOxford universityc1915 aEnglish20220125171059.0